Michael Douglas Filmography - Statistics

General Stats
  • This quiz has been taken 239 times
    53 since last reset
  • The average score is 28 of 149
Answer Stats
Type Year Name % Correct
Film 1987 Wall Street
96%
Film 1984 Romancing the Stone
82%
Film 1992 Basic Instinct
79%
Film 1993 Falling Down
71%
Film 1987 Fatal Attraction
71%
Film 1997 The Game
71%
Film 1989 The War of the Roses
68%
Film 2010 Wall Street: Money Never Sleeps
68%
Film 1985 The Jewel of the Nile
64%
Film 1989 Black Rain
61%
Film 2015 Ant-Man
57%
Film 2018 Ant-Man and the Wasp
54%
Film 2000 Wonder Boys
54%
Film 1994 Disclosure
50%
TV Show 1984 Saturday Night Live
50%
Film 2023 Ant-Man and the Wasp: Quantumania
46%
Film 1995 The American President
46%
Film 1979 The China Syndrome
46%
Film 2001 Don't Say a Word
43%
Film 2013 Last Vegas
43%
Film 1996 The Ghost and the Darkness
43%
Film 2019 Avengers: Endgame
39%
Production 1975 One Flew Over the Cuckoo's Nest
39%
TV Show 1972-1976 The Streets of San Francisco
39%
Documentary Mini-Series 2010 America: The Story of the US
36%
Film 2003 It Runs in the Family
32%
Film 2003 The In-Laws
32%
Film 2000 Traffic
32%
Film 2014 And So It Goes
29%
Film 1978 Coma
29%
Film 2007 King of California
29%
Film 1992 Shining Through
29%
Film 2006 The Sentinel
29%
Film 1985 A Chorus Line
25%
Film 2009 Ghosts of Girlfriends Past
25%
Film 2011 Haywire
25%
Film 1972 Napoleon and Samantha
25%
Film 2009 Solitary Man
25%
Film 1998 A Perfect Muder
21%
TV Film 2013 Behind the Candelabra
21%
Film 2009 Beyond a Reasonable Doubt
21%
Film 1969 Hail, Hero
21%
Film 2001 One Night at McCool's
21%
Award Show 1985 The 57th Annual Academy Awards
21%
Film 1983 The Star Chamber
21%
Film 2006 You, Me and Dupree
21%
Film 1970 Adam at 6 A.M.
18%
TV Short 1972 American Heritage: The Cause of Liberty
18%
Film 1966 Cast a Giant Shadow
18%
Film 1980 It's My Turn
18%
Film TBA Looking Through Water
18%
Film 1979 Running
18%
Film 1971 Summertree
18%
Web Series 2018-2021 The Kominsky Method
18%
Film 2017 Unlocked
18%
Web Series 2021, 2023 What If...?
18%
TV Short 1972 American Revolution: The Impossible War
14%
Film 2018 Animal World
14%
TV Show 1969 CBS Playhouse
14%
Documentary 1997 Completely Cuckoo
14%
Short Documentary 2007 Dinosaurs Alive!
14%
Production 1991 Eyes of an Angel
14%
Production 1997 Face/Off
14%
Production 1990 | 2017 Flatliners
14%
Web Mini-Series 2024 Franklin
14%
TV Show 2002 Liberty's Kids
14%
Production 1993 | 1997 Made in America
14%
Documentary 2010 Nuclear Tipping Point
14%
Production 1992 Radio Flyer
14%
Production 1984 | 1986-1987 | TBA Starman
14%
Production 1991 Stone Cold
14%
TV Special 1990 The Earth Day Special
14%
TV Show 1971 The F.B.I.
14%
Production 2018 We Have Always Lived in the Castle
14%
TV Film 1972 When Michael Calls
14%
Music Video 1985 When the Going Gets Tough, the Tough Get Going
14%
TV Show 2002 Will & Grace
14%
Documentary 2024 America's Burning
11%
TV Show 1980 Celebrity Challenge of the Sexes
11%
Production 1991 Double Impact
11%
Documentary Series 2003 Freedom: A History of US
11%
TV Documentary 1990 If Dolphins Could Talk
11%
TV Show 1971 Medical Center
11%
Documentary 1999 One Day in September
11%
TV Show 2011 Phineas and Ferb
11%
Documentary 2013 Supermensch: The Legend of Shep Gordon
11%
Documentary 2013 The Prime Ministers: The Pioneers
11%
TV Documentary 1988 World's Greatest Stunts: A Tribute to Hollywood's Stuntmen
11%
TV Film 1997 Burt Lancaster
7%
Web Series 2019-2022 Green Eggs and Ham
7%
TV Film 2001 Independence Day 2001
7%
Documentary Series 2023 Marvel Studios: Assembled
7%
TV Documentary 1992 Oliver Stone: Inside Out
7%
Production 2020 Ratched
7%
TV Film 1993 Rock the Vote
7%
TV Documentary 1990 That's What Friends Are For
7%
Music Video 2000 Things Have Changed
7%
TV Special 1998 To Life! America Celebrates Israel's 50th
7%
TV Documentary 1990 Tribute to John Lennon
7%
TV Special 2000 We All Dream of Oz
7%
Documentary Series 2003 What's Going On?
7%
TV Documentary 1998 Where It's At: The Rolling Stone State of Union
7%
TV Documentary 2005 ... A Father... A Son... Once Upon a Time in Hollywood
4%
Commercial 2003 AIDS Fund
4%
Theater 1966 Bedford Forest
4%
Commercial 2001 Comdirect Bank
4%
Theater 1970-1971 Pinkville
4%
TV Mini-Series TBA Reagan & Gorbachev
4%
TV Documentary 2014 Richard Attenborough: A Life in Film
4%
TV Show 1979 The Merv Griffin Show
4%
TV Show 1976-1980 The Mike Douglas Show
4%
Commercial 2007 The Nature Conservancy
4%
Theater 1969-1970 The Whistling Wizard and the Sultan of Tuffet
4%
Audiobook 2007 This Time This Place
4%
Documentary 2009 A Call to Arms
0%
TV Special 1991 AFI Life Achievement Award: A Tribute to Kirk Douglas
0%
TV Special 2009 AFI Life Achievement Award: A Tribute to Michael Douglas
0%
Film 2014 Beyond the Research
0%
TV Show 1971, 1972, 1973 | 1972, 1973 Celebrity Bowling
0%
TV Documentary 2017 Courageous
0%
TV Show 1976 Dinah!
0%
Documentary 2003 Direct Order
0%
Documentary 2023 Downwind
0%
Documentary Series 2024 Finding Your Roots with Henry Louis Gates, Jr.
0%
Documentary Mini-Series 2018 Grand Prix Driver
0%
Documentary 2001 In Search of Peace
0%
TV Show 1972 It's Your Bet
0%
TV Show 2024 Jeopardy!
0%
TV Show 2024 Jeopardy! Masters
0%
TV Documentary 2023 Michael Douglas, le fils prodige
0%
TV Documentary 2018 Michael Douglas: Live from the TCM Classic Film Festival
0%
Theater 1967 Muzeeka
0%
TV Show 1987 Nightlife
0%
TV Special 2003 Nobel Peace Prize Concert
0%
Documentary Series 1992 Omnibus
0%
Award Show 1993 The 1993 World Music Awards
0%
Award Show 1987 The 4th Annual American Cinema Awards
0%
TV Special 1987 The Annual ACLU Honors: A Salute to Michael Douglas
0%
TV Documentary 2019 The Douglas Dynasty: Fame, Addiction and Finding Home
0%
Documentary 2009 The Lion and the Mouse
0%
Documentary TBA The Man-Eaters of Tsavo
0%
Documentary 2007 The Meaning of the 21st Century
0%
TV Documentary 2006 The People's President
0%
Documentary Series 1958 This Is Your Life
0%
No matching quizzes found
Score Distribution
Percent of People with Each Score
Percentile by Number Answered
Your Score History
You have not taken this quiz since the last reset